01308nam a2200193 i 450000100060000000300090000600500170001500700030003200800410003510000310007624500820010726000440018930000280023350506300026170000490089185200340094099900170097495201230099167985ES-MaACL20240416102836.0t|040217s1958 sp ||||1| spa d1 aGallegos, Rómulo.95359810aObras completas / cRómulo Gallegos ; prólogo de Jesús López Pacheco. a[Madrid] : bAguilar, c[1958] (fOrbe) a2 t. : bil. ; c19 cm.8 aContiene: T. I: Novelas: Reinaldo solar. La trepadora. Doña Bárbara. Cantaclaro. Cuentos: Sol de antaño. La liberación. Las novias del mendigo. Los aventureros. El apoyo. El piano viejo. El milagro del año. Estrellas sobre el barranco. Los mengánez. Una resolución enérgica. El cuarto de enfrente. El crepúsculo del diablo. El parénteis. La ciudad muerta. Pataruco. Pegijal. La hora menguada. Marina. Paz en las alturas. Un místico. La fruta del cercado ajeno. El maestro. La rebelión. Los emigrantes. -- T. II: Canaima. Pobre negro. El forastero. Sobre la misma tierra. La brizna de paja en el viento1 aLópez Pacheco, Jesús, d1930-1997973855 aES-MaACLjC-15548-9 bR.43050 c67985d67985 00104070aATENEOMbATENEOMcFICHd2008-01-17eSCl0oC-15548-9p1071177r2023-02-23 00:00:00w2023-02-23yMONOGRAFIA